Fogyasztói bizalom az e-kereskedelemben és a webshop választás okai
| Szerző: | |
|---|---|
| További közreműködők: | |
| Dokumentumtípus: | Projektmunka |
| Kulcsszavak: | e-marketing - elektronikus marketing elektronikus kereskedelem - online kereskedelem fogyasztói bizalom online marketing vásárlói magatartás |
| Online Access: | http://dolgozattar.uni-bge.hu/59709 |
MARC
| LEADER | 00000nnm a2200000 i 4500 | ||
|---|---|---|---|
| 001 | dolg59709 | ||
| 005 | 20260409145446.0 | ||
| 008 | 260409suuuu hu o 000 hun d | ||
| 040 | |a BGE Dolgozattár Repozitórium |b hun | ||
| 041 | |a hu | ||
| 100 | 1 | |a German Zsanett | |
| 245 | 1 | 0 | |a Fogyasztói bizalom az e-kereskedelemben és a webshop választás okai |c German Zsanett |h [elektronikus dokumentum] |
| 516 | |a Project_work | ||
| 520 | 3 | |a A projektmunka az elektronikus kereskedelem, azon belül is a webshopokkal kapcsolatos fogyasztói bizalom és választási preferenciák vizsgálatára fókuszál. A dolgozat célja, hogy feltárja azokat a tényezőket, amelyek meghatározzák a fogyasztók döntéseit az online vásárlási folyamat során, különös tekintettel a bizalom szerepére. A primer kutatás során 131 fő részvételével végzett kérdőíves felmérés kvantitatív módszerrel készült, amely rávilágított a webshopokkal kapcsolatos legfontosabb elvárásokra, preferenciákra és félelmekre. Az eredmények alapján megállapítható, hogy a bizalom és az online vásárlási tapasztalat kulcsszerepet játszanak a webshopválasztásban, különösen a fiatal, digitálisan aktív fogyasztók körében. A projekt célja hozzájárulni az e-kereskedelem iránti fogyasztói attitűdök mélyebb megértéséhez és a webshopok fejlesztési szempontjainak tudományos megalapozásához. | |
| 695 | |a e-marketing - elektronikus marketing | ||
| 695 | |a elektronikus kereskedelem - online kereskedelem | ||
| 695 | |a fogyasztói bizalom | ||
| 695 | |a online marketing | ||
| 695 | |a vásárlói magatartás | ||
| 700 | 1 | |a Békési Gábor György |e ths | |
| 856 | 4 | 0 | |u http://dolgozattar.uni-bge.hu/59709/1/German%20Zsanett%20Projektmunka.pdf |z Dokumentum-elérés |
| 856 | 4 | 0 | |u http://dolgozattar.uni-bge.hu/59709/2/Biralat_German%20Zsanett.pdf |z Dokumentum-elérés |